| 000 | 00381nam a2200133Ia 4500 | ||
|---|---|---|---|
| 008 | 220204s9999 xx 000 0 und d | ||
| 082 |
_a620.193 _bUHL |
||
| 100 | _aUhlig, Herbert H | ||
| 245 | 0 | _aCorrosion and corrosion control: An introduction to corrosion science and engineering | |
| 250 | _aEd.2 | ||
| 260 |
_aNew York _bJohn Wiley _c1963 |
||
| 650 | _aCorrosion | ||
| 942 | _cBK | ||
| 999 |
_c30609 _d30609 |
||